Planning in Cold War Europe : Competition, Cooperation, Circulations (1950s-1970s).

The peer-reviewed series offers books that illuminate the multifaceted history of the Cold War in both its European and Global dimensions, across and beyond the Iron Curtain. It focuses on the interactions, interdependencies and co-operation of Eastern state socialist countries (and their citizens)...

Full description

Bibliographic Details
Main Author: Christian, Michel.
Other Authors: Kott, Sandrine., Matejka, Ondrej.
Format: eBook
Language:English
Published: Berlin/München/Boston : Walter de Gruyter GmbH, 2018.
Edition:1st ed.
Series:Rethinking the Cold War Series
Subjects:
Online Access:Click to View
LEADER 02102nam a22004213i 4500
001 EBC7014817
003 MiAaPQ
005 20231204023225.0
006 m o d |
007 cr cnu||||||||
008 231204s2018 xx o ||||0 eng d
020 |a 9783110534696  |q (electronic bk.) 
020 |z 9783110526561 
035 |a (MiAaPQ)EBC7014817 
035 |a (Au-PeEL)EBL7014817 
035 |a (OCoLC)1330934556 
040 |a MiAaPQ  |b eng  |e rda  |e pn  |c MiAaPQ  |d MiAaPQ 
082 0 |a 330.94055 
100 1 |a Christian, Michel. 
245 1 0 |a Planning in Cold War Europe :  |b Competition, Cooperation, Circulations (1950s-1970s). 
250 |a 1st ed. 
264 1 |a Berlin/München/Boston :  |b Walter de Gruyter GmbH,  |c 2018. 
264 4 |c {copy}2018. 
300 |a 1 online resource (384 pages) 
336 |a text  |b txt  |2 rdacontent 
337 |a computer  |b c  |2 rdamedia 
338 |a online resource  |b cr  |2 rdacarrier 
490 1 |a Rethinking the Cold War Series ;  |v v.2 
520 |a The peer-reviewed series offers books that illuminate the multifaceted history of the Cold War in both its European and Global dimensions, across and beyond the Iron Curtain. It focuses on the interactions, interdependencies and co-operation of Eastern state socialist countries (and their citizens) with Western capitalist, Latin American, African and non-aligned states (and their citizens), as well as with China. 
588 |a Description based on publisher supplied metadata and other sources. 
590 |a Electronic reproduction. Ann Arbor, Michigan : ProQuest Ebook Central, 2023. Available via World Wide Web. Access may be limited to ProQuest Ebook Central affiliated libraries.  
655 4 |a Electronic books. 
700 1 |a Kott, Sandrine. 
700 1 |a Matejka, Ondrej. 
776 0 8 |i Print version:  |a Christian, Michel  |t Planning in Cold War Europe  |d Berlin/München/Boston : Walter de Gruyter GmbH,c2018  |z 9783110526561 
797 2 |a ProQuest (Firm) 
830 0 |a Rethinking the Cold War Series 
856 4 0 |u https://ebookcentral.proquest.com/lib/matrademy/detail.action?docID=7014817  |z Click to View